000 00472nam a2200193Ia 4500
003 OSt
005 20221110103513.0
008 210210b1986 xxu||||| |||| 00| 0 eng d
040 _cAL
041 _aEnglish
082 _a514 RAOG
100 _aRAO (K Chandrasekhara) & NARAYANA (K S)
_961637
245 _aGeneral topology P1
260 _aMadras
_bS Viswanathan Pvt. Ltd.
_c1986
300 _a164
690 _aTopology
_961638
906 _a042710
942 _2ddc
_cBK
999 _c92088
_d92088